01727cam a22002895a 4500999001700000001000900017005001700026008004100043010001700084020001500101020001800116040002800134082002100162100002100183245006700204250002600271260004900297300003500346504005100381520074900432650006501181651001001246653002201256655001401278942000801292952013701300 c27403d273741992765420190420133537.0170821t2018 nyua frb 001 0 eng d a 2017302572 a013446009X a9780134460093 aDLCbengcDLCdEG-ScBUE04a621.395bWAK2221 aWakerly, John F.10aDigital design :bprinciples and practices /cJohn F. Wakerly. a5th ed. with Verilog. aHoboken, N.J. :bPearson Education,cc.2018. axxii, 890 p. :bill. ;c25 cm. aIncludes bibliographical references and index. aEstablishing a solid foundation of digital design principles An authoritative introduction to basic digital design, Digital Design: Principles and Practices helps readers build a foundational understanding of theoretical and engineering principles. This book gives readers the opportunity to learn the basics at the high level (HDLs), at the low level (electrical circuits), and throughout the “vast middle” (gates, flip-flops, and higher-level digital-design building blocks). The author’s 30 years of experience in both industrial and university settings brings weight and credibility to the material, and with broad coverage of logic design practices, the 5th Edition gives readers a look at how digital design works in the real world. 7aDigital integrated circuitsxDesign and construction.2BUEsh 2BUEsh bENGELCcApril2019 vText book 2ddc 00102ddc40708BaccahaMAINbMAINc1STd2019-04-20ePurchaseg3750.00l0o621.395 WAKp000044614r2025-07-15 00:00:00v4687.50yNB